000
00325nam a2200133Ia 4500
005
20251222140058.0
008
251222s1900||||xx |||||||||||||| ||spa||
020
_a
8816402105
082
_a
215.1/J17
100
_a
Stanley L. Jaki
245
0
_a
La Strada della Scienza e le Vie Verso Dio
264
_b
Jaca Book
942
_c
LIB
999
_c
3820
_d
3820